| 000 | 01011nam a2200301 4500 | ||
|---|---|---|---|
| 001 | 20488 | ||
| 003 | CZ PrNK | ||
| 005 | 20260123104837.0 | ||
| 007 | tu | ||
| 008 | 931025s1966 xo |0|0 0 slo | ||
| 020 | _q(Váz.) | ||
| 040 |
_aABA001 _bcze _dABA001 |
||
| 041 | 1 |
_aslo _hger |
|
| 100 | 1 |
_aBeniowski, Maurycy August, _d1741-1786 _4aut |
|
| 245 | 1 | 0 |
_aDenník Mórica A. Beňovského / _cMaurycy August Beniowski ; výber zostavil Jozef Watzka ; z nemeckého vydánie preložil Anton Špiesz ; doslov napísal Rudolf Skukálek |
| 250 | _a1. vyd. | ||
| 260 |
_aBratislava : _bTatran, _c1966 |
||
| 300 |
_a244 s. ; _c20 cm |
||
| 490 | 1 |
_aPamäti a dokumenty ; _vzv. 23 |
|
| 500 | _aPřeloženo z němčiny | ||
| 700 | 1 |
_aSkukálek, Rudolf, _d1931-2008 _4aui |
|
| 700 | 1 |
_aWatzka, Jozef _4com |
|
| 700 | 1 |
_aŠpiesz, Anton, _d1930-1993 _4trl |
|
| 765 | 0 | _tDes Grafen Moritz August von Benyowsky : Schicksale und Reisen | |
| 830 | 0 | _aPamäti a dokumenty | |
| 910 | _aABA001 | ||
| 942 |
_2ddc _cKLDO _n0 |
||
| 999 |
_c20488 _d20488 |
||